<?xml version="1.0" encoding="UTF-8"?>
<record
    xmlns:xsi="http://www.w3.org/2001/XMLSchema-instance"
    xsi:schemaLocation="http://www.loc.gov/MARC21/slim http://www.loc.gov/standards/marcxml/schema/MARC21slim.xsd"
    xmlns="http://www.loc.gov/MARC21/slim">

  <leader>00791nam a22002297a 4500</leader>
  <controlfield tag="003">OSt</controlfield>
  <controlfield tag="005">20150408114009.0</controlfield>
  <controlfield tag="008">120312t        xxu||||| |||| 00| 0 eng d</controlfield>
  <datafield tag="020" ind1=" " ind2=" ">
    <subfield code="a">9789957820589</subfield>
  </datafield>
  <datafield tag="040" ind1=" " ind2=" ">
    <subfield code="a">mu</subfield>
    <subfield code="b">ara</subfield>
    <subfield code="c">mb</subfield>
  </datafield>
  <datafield tag="082" ind1=" " ind2=" ">
    <subfield code="2">21</subfield>
    <subfield code="a">658.049 </subfield>
    <subfield code="b">&#x641; &#x639; &#x627;</subfield>
  </datafield>
  <datafield tag="100" ind1=" " ind2=" ">
    <subfield code="a">&#x641;&#x64A;&#x627;&#x636; &#x60C; &#x639;&#x631;&#x641;&#x627;&#x62A; &#x627;&#x628;&#x631;&#x627;&#x647;&#x64A;&#x645;</subfield>
    <subfield code="9">9865</subfield>
  </datafield>
  <datafield tag="245" ind1=" " ind2=" ">
    <subfield code="a">&#x627;&#x62F;&#x627;&#x631;&#x629; &#x627;&#x644;&#x627;&#x639;&#x645;&#x627;&#x644; &#x627;&#x644;&#x62F;&#x648;&#x644;&#x64A;&#x629;</subfield>
    <subfield code="c">&#x639;&#x631;&#x641;&#x627;&#x62A; &#x627;&#x628;&#x631;&#x627;&#x647;&#x64A;&#x645; &#x641;&#x64A;&#x627;&#x636;</subfield>
  </datafield>
  <datafield tag="260" ind1=" " ind2=" ">
    <subfield code="a">&#x639;&#x645;&#x627;&#x646; &#x60C; &#x627;&#x644;&#x627;&#x631;&#x62F;&#x646;</subfield>
    <subfield code="b">&#x62F;&#x627;&#x631; &#x627;&#x644;&#x628;&#x62F;&#x627;&#x64A;&#x629; </subfield>
    <subfield code="c">2011</subfield>
  </datafield>
  <datafield tag="300" ind1=" " ind2=" ">
    <subfield code="a">285 &#x635;</subfield>
    <subfield code="c">24 &#x633;&#x645;</subfield>
  </datafield>
  <datafield tag="650" ind1=" " ind2=" ">
    <subfield code="a">&#x627;&#x644;&#x627;&#x62F;&#x627;&#x631;&#x629; &#x627;&#x644;&#x645;&#x627;&#x644;&#x64A;&#x629;</subfield>
    <subfield code="9">9866</subfield>
  </datafield>
  <datafield tag="650" ind1=" " ind2=" ">
    <subfield code="a">&#x627;&#x62F;&#x627;&#x631;&#x629; &#x627;&#x644;&#x627;&#x639;&#x645;&#x627;&#x644;</subfield>
  </datafield>
  <datafield tag="650" ind1=" " ind2=" ">
    <subfield code="a">&#x627;&#x644;&#x627;&#x633;&#x62A;&#x62B;&#x645;&#x627;&#x631;&#x627;&#x62A; &#x627;&#x644;&#x623;&#x62C;&#x646;&#x628;&#x64A;&#x629; </subfield>
    <subfield code="9">756</subfield>
  </datafield>
  <datafield tag="650" ind1=" " ind2=" ">
    <subfield code="a">&#x627;&#x644;&#x627;&#x642;&#x62A;&#x635;&#x627;&#x62F; &#x627;&#x644;&#x62F;&#x648;&#x644;&#x64A;</subfield>
    <subfield code="9">9646</subfield>
  </datafield>
  <datafield tag="650" ind1=" " ind2=" ">
    <subfield code="a">&#x627;&#x644;&#x645;&#x627;&#x644;&#x64A;&#x629; &#x627;&#x644;&#x639;&#x627;&#x645;&#x629;</subfield>
    <subfield code="9">9629</subfield>
  </datafield>
  <datafield tag="942" ind1=" " ind2=" ">
    <subfield code="2">ddc</subfield>
    <subfield code="c">BOOK</subfield>
  </datafield>
  <datafield tag="999" ind1=" " ind2=" ">
    <subfield code="c">21006</subfield>
    <subfield code="d">255506</subfield>
  </datafield>
  <datafield tag="952" ind1=" " ind2=" ">
    <subfield code="1">0</subfield>
    <subfield code="2">2013-03-10</subfield>
    <subfield code="4">0</subfield>
    <subfield code="7">0</subfield>
    <subfield code="a">658.049  &#x641; &#x639; &#x627;</subfield>
    <subfield code="d">2012-03-12</subfield>
    <subfield code="h">SRM</subfield>
    <subfield code="i">00075915</subfield>
    <subfield code="m">SRM</subfield>
    <subfield code="r">2013-03-10 00:00:00</subfield>
    <subfield code="t">BOOK</subfield>
    <subfield code="w">ddc</subfield>
    <subfield code="y">0</subfield>
  </datafield>
  <datafield tag="952" ind1=" " ind2=" ">
    <subfield code="1">0</subfield>
    <subfield code="2">2013-03-10</subfield>
    <subfield code="4">0</subfield>
    <subfield code="7">0</subfield>
    <subfield code="a">658.049  &#x641; &#x639; &#x627;</subfield>
    <subfield code="d">2012-03-12</subfield>
    <subfield code="h">SRM</subfield>
    <subfield code="i">00075914</subfield>
    <subfield code="m">SRM</subfield>
    <subfield code="r">2013-03-10 00:00:00</subfield>
    <subfield code="t">BOOK</subfield>
    <subfield code="w">ddc</subfield>
    <subfield code="y">0</subfield>
  </datafield>
  <datafield tag="952" ind1=" " ind2=" ">
    <subfield code="1">0</subfield>
    <subfield code="2">2013-03-10</subfield>
    <subfield code="4">0</subfield>
    <subfield code="7">0</subfield>
    <subfield code="a">658.049  &#x641; &#x639; &#x627;</subfield>
    <subfield code="d">2012-03-12</subfield>
    <subfield code="h">SRM</subfield>
    <subfield code="i">00075913</subfield>
    <subfield code="m">SRM</subfield>
    <subfield code="r">2013-03-10 00:00:00</subfield>
    <subfield code="t">BOOK</subfield>
    <subfield code="w">ddc</subfield>
    <subfield code="y">0</subfield>
  </datafield>
  <datafield tag="952" ind1=" " ind2=" ">
    <subfield code="1">0</subfield>
    <subfield code="2">2013-03-10</subfield>
    <subfield code="4">0</subfield>
    <subfield code="7">0</subfield>
    <subfield code="a">658.049  &#x641; &#x639; &#x627;</subfield>
    <subfield code="d">2012-03-12</subfield>
    <subfield code="h">SRM</subfield>
    <subfield code="i">00075912</subfield>
    <subfield code="m">SRM</subfield>
    <subfield code="r">2013-03-10 00:00:00</subfield>
    <subfield code="t">BOOK</subfield>
    <subfield code="w">ddc</subfield>
    <subfield code="y">0</subfield>
  </datafield>
  <datafield tag="952" ind1=" " ind2=" ">
    <subfield code="1">0</subfield>
    <subfield code="2">2013-03-10</subfield>
    <subfield code="4">0</subfield>
    <subfield code="7">0</subfield>
    <subfield code="a">658.049  &#x641; &#x639; &#x627;</subfield>
    <subfield code="d">2012-03-12</subfield>
    <subfield code="h">SRM</subfield>
    <subfield code="i">00075911</subfield>
    <subfield code="m">SRM</subfield>
    <subfield code="r">2013-03-10 00:00:00</subfield>
    <subfield code="t">BOOK</subfield>
    <subfield code="w">ddc</subfield>
    <subfield code="y">0</subfield>
  </datafield>
  <datafield tag="952" ind1=" " ind2=" ">
    <subfield code="1">0</subfield>
    <subfield code="2">2017-02-28</subfield>
    <subfield code="4">0</subfield>
    <subfield code="7">0</subfield>
    <subfield code="a">658.049  &#x641; &#x639; &#x627;</subfield>
    <subfield code="d">2017-02-28</subfield>
    <subfield code="h">CL</subfield>
    <subfield code="i">00706080</subfield>
    <subfield code="m">CL</subfield>
    <subfield code="r">2017-02-28 00:00:00</subfield>
    <subfield code="t">BOOK</subfield>
    <subfield code="w">ddc</subfield>
    <subfield code="y">0</subfield>
  </datafield>
  <datafield tag="952" ind1=" " ind2=" ">
    <subfield code="1">0</subfield>
    <subfield code="2">2017-02-28</subfield>
    <subfield code="4">0</subfield>
    <subfield code="7">0</subfield>
    <subfield code="a">658.049  &#x641; &#x639; &#x627;</subfield>
    <subfield code="d">2017-02-28</subfield>
    <subfield code="h">CL</subfield>
    <subfield code="i">00706081</subfield>
    <subfield code="m">CL</subfield>
    <subfield code="r">2017-02-28 00:00:00</subfield>
    <subfield code="t">BOOK</subfield>
    <subfield code="w">ddc</subfield>
    <subfield code="y">0</subfield>
  </datafield>
  <datafield tag="952" ind1=" " ind2=" ">
    <subfield code="1">0</subfield>
    <subfield code="2">2017-02-28</subfield>
    <subfield code="4">0</subfield>
    <subfield code="7">0</subfield>
    <subfield code="a">658.049  &#x641; &#x639; &#x627;</subfield>
    <subfield code="d">2017-02-28</subfield>
    <subfield code="h">CL</subfield>
    <subfield code="i">00706082</subfield>
    <subfield code="m">CL</subfield>
    <subfield code="r">2017-02-28 00:00:00</subfield>
    <subfield code="t">BOOK</subfield>
    <subfield code="w">ddc</subfield>
    <subfield code="y">0</subfield>
  </datafield>
</record>
